Normal view
MARC view
- Ahmad Javaid
Entry Personal Name
001 - CONTROL NUMBER
- control field: 98949
003 - CONTROL NUMBER IDENTIFIER
- control field: NUST
005 - DATE AND TIME OF LATEST TRANSACTION
- control field: 20220916091949.0
008 - FIXED-LENGTH DATA ELEMENTS
- fixed length control field: 220916|| aca||aabn | a|a d
040 ## - CATALOGING SOURCE
- Original cataloging agency: NUST
- Transcribing agency: NUST
100 ## - HEADING--PERSONAL NAME
- Personal name: Ahmad Javaid
670 ## - SOURCE DATA FOUND
- Source citation: Work cat.: (NUST): Ahmad Javaid., Analysis of Vestibulo-Ocular effects on Motion Sickness in Flight Simulation /, 2022.
